Toutes les Techniques d'Axel Blaze (Gouenji Shuuya) D'Inazuma Eleven - Statistiques

Statistiques générales
  • Ce quiz a été pris 120 fois
    116 depuis la dernière actualisation
  • Le résultat moyen est 16 sur 23
Statistiques - réponses
Réponse Type de quiz Première Utilisation % Correct
Tornade de Feu TIR S1
100%
Tempête de Feu TIR S2
97%
Tempête du Tigre TIR S3
92%
Feu Tout-Puissant TIR S3
90%
Tourbillon de Feu TIR S3
90%
Tornade du Dragon TIR S1
88%
Trampoline du Tonnerre TIR S1
86%
Éclair Pulvérisant TIR S1
84%
Foudre TIR S1
84%
Feu Glacé TIR S2
83%
La Terre TIR S2
75%
Ouragan Inazuma TIR S3
75%
Super Trampoline du Tonnerre TIR S1
70%
Brasier Absolu TIR FILM
69%
Last Resort TIR ORION
65%
Oiseau de Feu TIR S1
64%
Légende Suprême TIR FILM
55%
Tornade Puissance 2 TIR S1
53%
Charge Enflammée ATT MANGA
45%
Tornade Double TIR MANGA
34%
Surt Géant du Feu Esprit Guerrier MANGA
30%
Fulgurante Double Tornade de Feu TIR DREAM MATCH
18%
Éclair Pulvérisant CG TIR ORION
12%
Aucun quiz correspondant
Distribution des résultats
% des personnes avec chaque résultat
Percentile par nombre de réponses
Votre historique - résultats
Vous n’avez pas pris ce quiz depuis la dernière actualisation